000 00442nam a2200181Ia 4500
001 501
005 20260306140522.0
008 260306t2008||||xx |||||||||||||| ||spa||
041 _aESP
082 _a121
_bS37
100 _aSellés, Juan Fernando
_eAUT
245 0 _aLos hábitos intelectuales según Tomás de Aquino
260 _c2008
300 _a665 páginas :
_c24 cm.
650 _aGEN
654 _aCHU
942 _cLIB
_dJUS
_fJUS
_2ddc
_n
999 _c501
_d501